| 000 | 00597nac a22001811u 4500 | ||
|---|---|---|---|
| 010 | _a008070840 | ||
| 020 | _a0471642347 | ||
| 082 |
_a658.404 _bKYL |
||
| 090 |
_c5331 _d5331 |
||
| 100 | _aKyle, Mackenzie, | ||
| 245 |
_aMaking it happen : a non-technical guide to project management / _c Mackenzie Kyle. |
||
| 260 |
_aToronto ; Chichester : _bWiley, c1998. _cc1998. |
||
| 300 |
_aviii, 247 p. : _bill. ; _c23 cm. |
||
| 500 | _aDistributer : Al Ahram. | ||
| 511 | _aCatalogued By : Mahitab. | ||
| 650 | _aProject management. | ||
| 942 |
_cBB _k658.404 KYL |
||
| 999 |
_c5331 _d5331 |
||